000 00579nam a2200193Ia 4500
003 GCL
008 140319s9999 xx 000 0 eng d
040 _aGCL /
_cGCL
082 0 4 _a330.91724
_bW P
245 1 0 _aPARTNERSHIPS FOR DEVELOPMENT
260 _aنيويورك :
_bUNITED STATES ARMS CONTROL AND DISARMAMENT ،
_c2001
300 _a32 CM ؛
_c210 P
650 0 4 _aDEVELOPING COUNTRIES - ECONOMIC CONDITIONS
650 0 4 _aDEVELOPING COUNTRIES
650 0 4 _aECONOMIC DEVELOPMENT - PERIOD
650 0 4 _aAFRICA - POVERTY
650 0 4 _aEUROPE - POVERTY
942 _2ddc
_cBK
999 _c5876
_d5876